المعركة الأخيرة / (رقم التسجيلة. 122965)

تفاصيل مارك
000 -LEADER
fixed length control field 00634nam a22002177a 4500
005 - DATE AND TIME OF LATEST TRANSACTION
control field 20251108174956.0
008 - FIXED-LENGTH DATA ELEMENTS--GENERAL INFORMATION
fixed length control field 250721s2005 xx 000 0 ara d
020 ## - INTERNATIONAL STANDARD BOOK NUMBER
International Standard Book Number 9059500199
082 14 - DEWEY DECIMAL CLASSIFICATION NUMBER
Classification number ط/ق/لوي
100 1# - MAIN ENTRY--PERSONAL NAME
Personal name لويس، سي أس
245 10 - TITLE STATEMENT
Title المعركة الأخيرة /
264 1# - PRODUCTION, PUBLICATION, DISTRIBUTION, MANUFACTURE, AND COPYRIGHT NOTICE
Place of production, publication, distribution, manufacture عمان :
Name of producer, publisher, distributor, manufacturer أوفير للطباعة والنشر،
Date of production, publication, distribution, manufacture, or copyright notice 2005.
300 ## - PHYSICAL DESCRIPTION
Extent 233ص.
490 0# - SERIES STATEMENT
Series statement عالم نارنيا
Volume/sequential designation 7
650 17 - SUBJECT ADDED ENTRY--TOPICAL TERM
Topical term or geographic name as entry element الادب المترجم
650 17 - SUBJECT ADDED ENTRY--TOPICAL TERM
Topical term or geographic name as entry element الروايات
653 ## - INDEX TERM--UNCONTROLLED
Uncontrolled term ناشئون صغار (10-14) سنوات
700 1# - ADDED ENTRY--PERSONAL NAME
Personal name باز، سعيد
942 ## - ADDED ENTRY ELEMENTS (KOHA)
Source of classification or shelving scheme Dewey Decimal Classification
Koha item type كتب
المقتنيات
حالة السحب حالة الفقدان مصدر التصنيف حالة التلف غير قابل للإعارة المكتبة الرئيسية المكتبة الحالية موقع الرف تاريخ التزويد الرقم المتسلسل Total Checkouts رقم الإستدعاء الباركود تاريخ آخر ظهور تاريخ الفاتورة نوع المادة (كوها)
    Dewey Decimal Classification     مكتبة الأميرة ايمان العامة مكتبة الأميرة ايمان العامة الأطفال 02/03/2011 1435883   ط/ق/لوي PLD00195654 28/07/2025 02/03/2011 كتب
    Dewey Decimal Classification     مكتبة الاميرة بديعة مكتبة الاميرة بديعة الأطفال 02/03/2011 1435884   ط/ق/لوي PLD00195655 28/07/2025 02/03/2011 كتب
    Dewey Decimal Classification     مكتبة الجويدة مكتبة الجويدة الأطفال 02/03/2011 1435885   ط/ق/لوي PLD00195656 28/07/2025 02/03/2011 كتب
    Dewey Decimal Classification     مكتبة الراية الهاشمية للأطفال مكتبة الراية الهاشمية للأطفال الأطفال 25/02/2015 1593041   ط/ق/لوي PLD00317132 28/07/2025 25/02/2015 كتب
    Dewey Decimal Classification     مكتبة صويلح العامة مكتبة صويلح العامة الأطفال 02/03/2011 1435882   ط/ق/لوي PLD00195653 28/07/2025 02/03/2011 كتب
Implemented & Customized by: BBB with SCIT (Smart Chains for Information Technology)

Powered by Koha